[Event "Bundesliga 9697"]
[Site "Deutschland"]
[Date "1997.??.??"]
[Round "?.2"]
[White "Martinovic, Slobodan"]
[Black "Kindermann, Stefan"]
[Result "0-1"]
[WhiteElo "2495"]
[BlackElo "2540"]
[PlyCount "108"]
[EventDate "1996.10.??"]
[EventType "team"]
[EventRounds "15"]
[EventCountry "GER"]
[SourceTitle "Bundesliga 9697"]
[Source "DeepChess"]
[SourceDate "2005.01.01"]
[SourceVersion "1"]
[SourceVersionDate "2005.01.01"]
[SourceQuality "1"]
[WhiteTeam "SC Anderssen St.Ingbert 1920 e.V."]
[BlackTeam "SAbt SV Werder Bremen"]
[WhiteTeamCountry "GER"]
[BlackTeamCountry "GER"]

1. Nf3 Nf6 2. g3 g6 3. b3 Bg7 4. Bb2 O-O 5. Bg2 d6 6. O-O e5 7. c4 Nc6 8. d3
Bf5 9. Nbd2 Qd7 10. Ne1 Bh3 11. e4 Bxg2 12. Kxg2 Ng4 13. Nc2 f5 14. f3 Nf6 15.
Qe2 Rae8 16. Rae1 h5 17. Ne3 f4 18. gxf4 exf4 19. Nd1 Nh7 20. Nb1 Ng5 21. Bxg7
Qxg7 22. Kh1 Nd4 23. Qg2 Nf7 24. Ndc3 Ne5 25. Rd1 g5 26. Nb5 Nxb5 27. cxb5 g4
28. fxg4 hxg4 29. d4 Nf3 30. Rxf3 gxf3 31. Qxf3 Re6 32. Nc3 Rh6 33. Rg1 Rg6 34.
Rxg6 Qxg6 35. Nd5 Qg5 36. Qg2 Qxg2+ 37. Kxg2 f3+ 38. Kf2 Rf7 39. e5 dxe5 40.
dxe5 Kg7 41. Nf6 Kg6 42. Kxf3 Kf5 43. Ng4 Rd7 44. Ne3+ Kxe5 45. Nc4+ Kf5 46.
Ke3 b6 47. a4 Rh7 48. Kd4 Ke6 49. Kc3 Rxh2 50. Kb4 Kd5 51. Ne3+ Ke4 52. Nc4 Kd4
53. Na3 Rh4 54. Nc4 Kd3 0-1

[Event "Bundesliga 9697"]
[Site "Deutschland"]
[Date "1997.??.??"]
[Round "?.3"]
[White "Knaak, Rainer"]
[Black "Ristic, Nenad"]
[Result "1-0"]
[WhiteElo "2540"]
[BlackElo "2475"]
[PlyCount "83"]
[EventDate "1996.10.??"]
[EventType "team"]
[EventRounds "15"]
[EventCountry "GER"]
[SourceTitle "Bundesliga 9697"]
[Source "DeepChess"]
[SourceDate "2005.01.01"]
[SourceVersion "1"]
[SourceVersionDate "2005.01.01"]
[SourceQuality "1"]
[WhiteTeam "SAbt SV Werder Bremen"]
[BlackTeam "SC Anderssen St.Ingbert 1920 e.V."]
[WhiteTeamCountry "GER"]
[BlackTeamCountry "GER"]

1. d4 Nf6 2. c4 c5 3. d5 b5 4. Nf3 g6 5. cxb5 a6 6. b6 Qxb6 7. Nc3 d6 8. Nd2 a5
9. e4 Ba6 10. Nc4 Bxc4 11. Bxc4 Bg7 12. Bb5+ Nfd7 13. a4 O-O 14. O-O Qc7 15.
Qe2 Nb6 16. Bg5 e5 17. dxe6 fxe6 18. Qg4 Nc6 19. Qxe6+ Kh8 20. Nd5 Nxd5 21.
Qxd5 Nd4 22. Bf4 Rad8 23. Bg3 Qe7 24. Bd3 Ne6 25. Rae1 Nf4 26. Bxf4 Rxf4 27. g3
Rff8 28. b3 Bd4 29. Kg2 g5 30. Be2 Rf6 31. Bg4 Qf8 32. f3 h6 33. Rh1 Re8 34. h4
Re5 35. Qb7 gxh4 36. Rxh4 d5 37. Rh5 Rxh5 38. Bxh5 dxe4 39. Rxe4 Qd6 40. Re7
Rf8 41. f4 Rd8 42. Rh7+ 1-0

[Event "Bundesliga 9697"]
[Site "Deutschland"]
[Date "1997.??.??"]
[Round "?.4"]
[White "Kachiani Gersinska, Ketino"]
[Black "Meins, Gerlef"]
[Result "1/2-1/2"]
[WhiteElo "2375"]
[BlackElo "2465"]
[PlyCount "124"]
[EventDate "1996.10.??"]
[EventType "team"]
[EventRounds "15"]
[EventCountry "GER"]
[SourceTitle "Bundesliga 9697"]
[Source "DeepChess"]
[SourceDate "2005.01.01"]
[SourceVersion "1"]
[SourceVersionDate "2005.01.01"]
[SourceQuality "1"]
[WhiteTeam "SC Anderssen St.Ingbert 1920 e.V."]
[BlackTeam "SAbt SV Werder Bremen"]
[WhiteTeamCountry "GER"]
[BlackTeamCountry "GER"]

1. d4 d5 2. c4 e6 3. Nf3 Nf6 4. g3 dxc4 5. Bg2 Nc6 6. Qa4 Nd7 7. Qxc4 Nb6 8.
Qd3 e5 9. Nxe5 Nb4 10. Qc3 Qxd4 11. O-O Qxc3 12. Nxc3 f6 13. Nf3 c6 14. a3 N4d5
15. Nxd5 Nxd5 16. Nd4 Bc5 17. Rd1 Kf7 18. Bxd5+ cxd5 19. Be3 Bxd4 20. Rxd4 Be6
21. Rb4 b6 22. a4 Rab8 23. h4 Rhc8 24. Bf4 Rb7 25. a5 Rc4 26. a6 Rd7 27. Rxb6
axb6 28. a7 Rc8 29. Bb8 Rxa7 30. Rxa7+ Kg6 31. Bc7 b5 32. f3 h5 33. Kf2 d4 34.
Bb6 d3 35. exd3 Rc2+ 36. Ke3 Rxb2 37. Bc5 Ra2 38. Rb7 Ra8 39. Rxb5 Rd8 40. Rb7
Rd7 41. Rb6 Kf7 42. Bd6 Bd5 43. g4 hxg4 44. fxg4 Rb7 45. Ra6 Be6 46. g5 fxg5
47. hxg5 Kg6 48. Bf8 Kf5 49. Ra5+ Kg4 50. Re5 Bf5 51. Be7 Rb3 52. Rd5 Rb7 53.
Re5 Rb3 54. Rd5 Rb7 55. Bd8 Rd7 56. Rxd7 Bxd7 57. Kd4 Kf5 58. Kd5 Ba4 59. Kd6
g6 60. Bf6 Bc2 61. d4 Bb3 62. Ke7 Ba2 1/2-1/2

[Event "Bundesliga 9697"]
[Site "Deutschland"]
[Date "1997.??.??"]
[Round "?.5"]
[White "Heissler, Jakob"]
[Black "Werner, Dimo"]
[Result "0-1"]
[WhiteElo "2430"]
[BlackElo "2385"]
[PlyCount "78"]
[EventDate "1996.10.??"]
[EventType "team"]
[EventRounds "15"]
[EventCountry "GER"]
[SourceTitle "Bundesliga 9697"]
[Source "DeepChess"]
[SourceDate "2005.01.01"]
[SourceVersion "1"]
[SourceVersionDate "2005.01.01"]
[SourceQuality "1"]
[WhiteTeam "SAbt SV Werder Bremen"]
[BlackTeam "SC Anderssen St.Ingbert 1920 e.V."]
[WhiteTeamCountry "GER"]
[BlackTeamCountry "GER"]

1. e4 Nf6 2. d3 e5 3. Nf3 Nc6 4. g3 d5 5. exd5 Qxd5 6. Bg2 Bg4 7. h3 Bh5 8. g4
Bg6 9. O-O O-O-O 10. Nc3 Qe6 11. a3 h6 12. Re1 Bd6 13. Nh4 Bh7 14. Qf3 Kb8 15.
Be3 Qc8 16. b4 Rhe8 17. Nf5 Bxf5 18. gxf5 Rg8 19. Ne4 Ne7 20. Ng3 g6 21. fxg6
Rxg6 22. Kh1 Rdg8 23. Rg1 Nfd5 24. Ne4 f5 25. Nc5 c6 26. Bd2 b6 27. c4 Nf6 28.
Rab1 e4 29. dxe4 fxe4 30. Nxe4 Nxe4 31. Qxe4 Rxg2 32. Rxg2 Qxh3+ 33. Kg1 Qh2+
34. Kf1 Qh1+ 35. Ke2 Qxg2 36. Qxg2 Rxg2 37. Bxh6 Nf5 38. Rd1 Kc7 39. Bc1 Rg4
0-1

[Event "Bundesliga 9697"]
[Site "Deutschland"]
[Date "1997.??.??"]
[Round "?.7"]
[White "Meyer, Claus Dieter"]
[Black "Becker, Marc"]
[Result "1/2-1/2"]
[WhiteElo "2320"]
[BlackElo "2415"]
[PlyCount "86"]
[EventDate "1996.10.??"]
[EventType "team"]
[EventRounds "15"]
[EventCountry "GER"]
[SourceTitle "Bundesliga 9697"]
[Source "DeepChess"]
[SourceDate "2005.01.01"]
[SourceVersion "1"]
[SourceVersionDate "2005.01.01"]
[SourceQuality "1"]
[WhiteTeam "SAbt SV Werder Bremen"]
[BlackTeam "SC Anderssen St.Ingbert 1920 e.V."]
[WhiteTeamCountry "GER"]
[BlackTeamCountry "GER"]

1. e4 e5 2. Nf3 Nc6 3. Bb5 a6 4. Ba4 Nf6 5. O-O Be7 6. Re1 b5 7. Bb3 O-O 8. a4
Bb7 9. d3 Re8 10. Nbd2 Bf8 11. c3 h6 12. Ba2 d5 13. exd5 Nxd5 14. d4 Nb6 15. a5
Nd7 16. Ne4 Nf6 17. Qb3 Qd7 18. Nxf6+ gxf6 19. Qc2 e4 20. Nd2 f5 21. Nb3 Qd8
22. Bf4 Qf6 23. Re3 Bd6 24. Rg3+ Kh7 25. Qd2 Rg8 26. Nc5 Bxc5 27. dxc5 Rad8 28.
Qe2 Rxg3 29. hxg3 Ne5 30. Qh5 Rd7 31. Bxh6 Qg6 32. Qxg6+ Kxg6 33. Be3 Bd5 34.
Bf4 Nd3 35. Bxd5 Rxd5 36. b4 c6 37. Kf1 Nb2 38. Ke2 Nc4 39. Rh1 Kg7 40. Bh6+
Kg6 41. Bf4 Kg7 42. Bh6+ Kg6 43. Bf4 Kg7 1/2-1/2

[Event "Bundesliga 9697"]
[Site "Deutschland"]
[Date "1997.??.??"]
[Round "?.8"]
[White "Kummerow, Heiko"]
[Black "Linke, Stefan"]
[Result "1-0"]
[WhiteElo "2280"]
[BlackElo "2218"]
[PlyCount "173"]
[EventDate "1996.10.??"]
[EventType "team"]
[EventRounds "15"]
[EventCountry "GER"]
[SourceTitle "Bundesliga 9697"]
[Source "DeepChess"]
[SourceDate "2005.01.01"]
[SourceVersion "1"]
[SourceVersionDate "2005.01.01"]
[SourceQuality "1"]
[WhiteTeam "SC Anderssen St.Ingbert 1920 e.V."]
[BlackTeam "SAbt SV Werder Bremen"]
[WhiteTeamCountry "GER"]
[BlackTeamCountry "GER"]

1. e4 c5 2. Nf3 Nf6 3. Nc3 d5 4. exd5 Nxd5 5. Bb5+ Nc6 6. Bxc6+ bxc6 7. Ne4 e6
8. O-O Ba6 9. Re1 c4 10. Ne5 Bd6 11. Nxd6+ Qxd6 12. b3 Nb6 13. Qf3 O-O 14. Qxc6
Rfd8 15. Qf3 f6 16. Ng4 Rac8 17. Ne3 Rc7 18. Bb2 Qc6 19. Qxc6 Rxc6 20. Bc3 Nd5
21. Nxd5 Rxd5 22. b4 Kf7 23. a4 Bb7 24. f4 Rc8 25. b5 Rf5 26. Bd4 a6 27. bxa6
Bxa6 28. Be3 Ra5 29. Reb1 Ra8 30. Bb6 Rd5 31. Rd1 g5 32. fxg5 Rxg5 33. Ra3 Bb7
34. g3 Be4 35. d3 cxd3 36. cxd3 Rd5 37. a5 Rd6 38. Rc3 Bf3 39. Rf1 Be2 40. Rf2
Bd1 41. d4 Kg6 42. Kg2 Ba4 43. Kf3 Bb5 44. Rc5 Ba4 45. Ke3 Rd7 46. Rb2 Rd6 47.
Kd3 Kf7 48. Rb4 Bd7 49. Kc4 Bc8 50. Rc7+ Rd7 51. Rxd7+ Bxd7 52. Kc5 Ke7 53. Rb3
Rc8+ 54. Kb4 Ra8 55. Rc3 Kd6 56. Rc5 f5 57. Bc7+ Ke7 58. Re5 Ra7 59. Bb6 Ra8
60. Kc4 Bc8 61. Kc5 Bb7 62. Bc7 Ra6 63. Kb5 Kd7 64. Rc5 Rc6 65. Bb6 Rxc5+ 66.
Kxc5 h5 67. h4 Bf3 68. a6 Be2 69. a7 Bf3 70. Kc4 Bd5+ 71. Kd3 Ke7 72. Ke3 Ba8
73. Kf4 Bb7 74. Bc5+ Kd7 75. Kg5 Bf3 76. a8=Q Bxa8 77. Kxh5 Be4 78. Kg5 Ke8 79.
Kf6 f4 80. gxf4 Kd7 81. h5 Bf5 82. h6 Kc6 83. Kg7 Kd5 84. h7 Bxh7 85. Kxh7 Ke4
86. Kg6 Kxf4 87. Kf6 1-0

[Event "Bundesliga 9697"]
[Site "Deutschland"]
[Date "1997.??.??"]
[Round "?.1"]
[White "Gyimesi, Zoltan"]
[Black "Hracek, Zbynek"]
[Result "1/2-1/2"]
[WhiteElo "2500"]
[BlackElo "2630"]
[PlyCount "41"]
[EventDate "1996.10.??"]
[EventType "team"]
[EventRounds "15"]
[EventCountry "GER"]
[SourceTitle "Bundesliga 9697"]
[Source "DeepChess"]
[SourceDate "2005.01.01"]
[SourceVersion "1"]
[SourceVersionDate "2005.01.01"]
[SourceQuality "1"]
[WhiteTeam "SC Eppingen e.V."]
[BlackTeam "SAbt SV Werder Bremen"]
[WhiteTeamCountry "GER"]
[BlackTeamCountry "GER"]

1. d4 Nf6 2. c4 e6 3. Nf3 Bb4+ 4. Bd2 Qe7 5. g3 Nc6 6. Nc3 Bxc3 7. Bxc3 Ne4 8.
Qc2 Nxc3 9. Qxc3 Qb4 10. Qxb4 Nxb4 11. Kd2 a5 12. Bg2 c5 13. Kc3 b6 14. dxc5
bxc5 15. Nd2 d5 16. cxd5 Bb7 17. e4 exd5 18. exd5 O-O 19. a3 Nxd5+ 20. Bxd5
Bxd5 21. Rhe1 1/2-1/2

[Event "Bundesliga 9697"]
[Site "Deutschland"]
[Date "1997.??.??"]
[Round "?.2"]
[White "Kindermann, Stefan"]
[Black "Arnold, Lothar"]
[Result "1-0"]
[WhiteElo "2540"]
[BlackElo "2375"]
[PlyCount "87"]
[EventDate "1996.10.??"]
[EventType "team"]
[EventRounds "15"]
[EventCountry "GER"]
[SourceTitle "Bundesliga 9697"]
[Source "DeepChess"]
[SourceDate "2005.01.01"]
[SourceVersion "1"]
[SourceVersionDate "2005.01.01"]
[SourceQuality "1"]
[WhiteTeam "SAbt SV Werder Bremen"]
[BlackTeam "SC Eppingen e.V."]
[WhiteTeamCountry "GER"]
[BlackTeamCountry "GER"]

1. e4 c5 2. Nf3 Nf6 3. Nc3 Nc6 4. Bb5 g6 5. Bxc6 dxc6 6. h3 Bg7 7. d3 O-O 8.
Be3 b6 9. Qd2 Ba6 10. Bh6 c4 11. Bxg7 Kxg7 12. d4 Qc7 13. Qe3 Rfd8 14. O-O Rab8
15. Rfe1 c5 16. d5 b5 17. a3 Rb6 18. Red1 Bb7 19. a4 b4 20. Nb5 Qb8 21. Qxc5
Nxe4 22. Qxe7 Re8 23. Qc7 Qxc7 24. Nxc7 Rc8 25. a5 Rf6 26. a6 Rxc7 27. axb7
Rxb7 28. Rd4 Nd6 29. Ne5 c3 30. b3 Nf5 31. Rd3 Re7 32. f4 h5 33. Ra4 Rb7 34.
Nc6 Nd6 35. Rd4 h4 36. Rdxb4 Rxb4 37. Rxb4 Nf5 38. Kf2 Ng3 39. Kf3 Rd6 40. Rd4
a6 41. Rd3 f5 42. Nb4 Ne4 43. Na2 a5 44. Ke3 1-0

[Event "Bundesliga 9697"]
[Site "Deutschland"]
[Date "1997.??.??"]
[Round "?.3"]
[White "Mann, Christian"]
[Black "Knaak, Rainer"]
[Result "1-0"]
[WhiteElo "2440"]
[BlackElo "2540"]
[PlyCount "61"]
[EventDate "1996.10.??"]
[EventType "team"]
[EventRounds "15"]
[EventCountry "GER"]
[SourceTitle "Bundesliga 9697"]
[Source "DeepChess"]
[SourceDate "2005.01.01"]
[SourceVersion "1"]
[SourceVersionDate "2005.01.01"]
[SourceQuality "1"]
[WhiteTeam "SC Eppingen e.V."]
[BlackTeam "SAbt SV Werder Bremen"]
[WhiteTeamCountry "GER"]
[BlackTeamCountry "GER"]

1. g3 d5 2. Bg2 c6 3. Nf3 Nd7 4. d4 e6 5. O-O f5 6. Ng5 Ndf6 7. f3 Ne7 8. e4 h6
9. Nh3 dxe4 10. fxe4 Nxe4 11. Bxe4 fxe4 12. Nc3 e5 13. Qh5+ g6 14. Qxe5 Rg8 15.
Nf2 Bg7 16. Qxe4 Bf5 17. Qe2 Bxd4 18. Bxh6 Qd7 19. Bg5 Rg7 20. Rad1 Rf7 21. Be3
c5 22. Bxd4 cxd4 23. Nb5 d3 24. Qe5 Kf8 25. Nxd3 Kg8 26. Nd6 Rh7 27. Nxf5 Nxf5
28. Nf4 Qc6 29. Nxg6 Qb6+ 30. Rf2 Ne3 31. Rd6 1-0

[Event "Bundesliga 9697"]
[Site "Deutschland"]
[Date "1997.??.??"]
[Round "?.5"]
[White "Schneider, Bernd2"]
[Black "Heissler, Jakob"]
[Result "0-1"]
[WhiteElo "2245"]
[BlackElo "2430"]
[PlyCount "78"]
[EventDate "1996.10.??"]
[EventType "team"]
[EventRounds "15"]
[EventCountry "GER"]
[SourceTitle "Bundesliga 9697"]
[Source "DeepChess"]
[SourceDate "2005.01.01"]
[SourceVersion "1"]
[SourceVersionDate "2005.01.01"]
[SourceQuality "1"]
[WhiteTeam "SC Eppingen e.V."]
[BlackTeam "SAbt SV Werder Bremen"]
[WhiteTeamCountry "GER"]
[BlackTeamCountry "GER"]

1. e4 c5 2. Nf3 d6 3. d4 cxd4 4. Nxd4 Nf6 5. Nc3 a6 6. Be3 Ng4 7. Bg5 h6 8. Bh4
g5 9. Bg3 Bg7 10. Qd2 Nc6 11. Nb3 Nge5 12. f3 b5 13. Bf2 Rb8 14. Nd4 Bd7 15. h4
g4 16. f4 g3 17. Bg1 Ng4 18. Nf5 Bxf5 19. exf5 Nf2 20. Bxf2 gxf2+ 21. Qxf2 Qa5
22. Qg3 Kf8 23. a4 b4 24. Nd1 Nd4 25. Rc1 Nxf5 26. Qd3 Bf6 27. Qxa6 Bxh4+ 28.
Kd2 Qc5 29. Qc4 Bg3 30. Ra1 Qxc4 31. Bxc4 Bxf4+ 32. Kd3 e5 33. a5 Rg8 34. Bd5
Ne7 35. Bf3 d5 36. Nf2 f5 37. Bd1 Rxg2 38. Rf1 Rg3+ 39. Ke2 Re3+ 0-1

[Event "Bundesliga 9697"]
[Site "Deutschland"]
[Date "1997.??.??"]
[Round "?.6"]
[White "Hedke, Fred"]
[Black "Bosbach, Gerhard"]
[Result "1/2-1/2"]
[WhiteElo "2355"]
[BlackElo "2265"]
[PlyCount "38"]
[EventDate "1996.10.??"]
[EventType "team"]
[EventRounds "15"]
[EventCountry "GER"]
[SourceTitle "Bundesliga 9697"]
[Source "DeepChess"]
[SourceDate "2005.01.01"]
[SourceVersion "1"]
[SourceVersionDate "2005.01.01"]
[SourceQuality "1"]
[WhiteTeam "SAbt SV Werder Bremen"]
[BlackTeam "SC Eppingen e.V."]
[WhiteTeamCountry "GER"]
[BlackTeamCountry "GER"]

1. e4 c5 2. c3 Nf6 3. e5 Nd5 4. d4 cxd4 5. Bc4 Nb6 6. Bb3 d5 7. exd6 Qxd6 8.
cxd4 Be6 9. Nc3 Bxb3 10. Qxb3 e6 11. Nf3 Be7 12. O-O O-O 13. Nb5 Qd8 14. Bf4
Nd5 15. Bg3 Nc6 16. Nc3 Na5 17. Qb5 a6 18. Qd3 Rc8 19. Ne5 Nc6 1/2-1/2

[Event "Bundesliga 9697"]
[Site "Deutschland"]
[Date "1997.??.??"]
[Round "?.7"]
[White "Reinhardt, Bernd"]
[Black "Meyer, Claus Dieter"]
[Result "1-0"]
[WhiteElo "2270"]
[BlackElo "2320"]
[PlyCount "137"]
[EventDate "1996.10.??"]
[EventType "team"]
[EventRounds "15"]
[EventCountry "GER"]
[SourceTitle "Bundesliga 9697"]
[Source "DeepChess"]
[SourceDate "2005.01.01"]
[SourceVersion "1"]
[SourceVersionDate "2005.01.01"]
[SourceQuality "1"]
[WhiteTeam "SC Eppingen e.V."]
[BlackTeam "SAbt SV Werder Bremen"]
[WhiteTeamCountry "GER"]
[BlackTeamCountry "GER"]

1. g3 d5 2. Bg2 c6 3. f4 Nf6 4. Nf3 Qb6 5. c4 Bg4 6. Ne5 Bf5 7. d3 e6 8. Nc3 d4
9. Na4 Qc7 10. O-O Nbd7 11. Nf3 c5 12. b4 Rd8 13. bxc5 Bxc5 14. Nxc5 Nxc5 15.
h3 O-O 16. Bb2 Bg6 17. Kh2 b6 18. Bxd4 Nfd7 19. Qc2 f6 20. a4 Rfe8 21. e4 Nb8
22. Rfd1 Nc6 23. Bc3 e5 24. fxe5 fxe5 25. Nh4 Rf8 26. Rd2 Ne6 27. a5 Ned4 28.
axb6 axb6 29. Qb2 Qe7 30. Ra6 Qg5 31. Rxb6 Bh5 32. Rf2 h6 33. Qd2 Kh7 34. Rb7
Rb8 35. Rxb8 Rxb8 36. Qxg5 hxg5 37. Nf5 Rb3 38. Bxd4 exd4 39. g4 Bg6 40. Rd2
Bxf5 41. exf5 Ne5 42. Be4 Kg8 43. Kg2 Kf8 44. Kf2 Nd7 45. h4 gxh4 46. Kf3 Ke7
47. Kf4 Kd6 48. Rh2 Rb1 49. Rxh4 Rf1+ 50. Kg5 Ne5 51. Kh5 Rg1 52. g5 Rb1 53.
Rh3 Ke7 54. Kh4 Rb3 55. Rg3 Rb8 56. Kh3 Rh8+ 57. Kg2 Rh5 58. Bf3 Rh4 59. Bd5
Rh8 60. c5 Rc8 61. c6 Kd6 62. Be4 Nxc6 63. Bxc6 Rxc6 64. Kf3 Ke5 65. Kg4 Rc1
66. Rf3 Re1 67. f6 gxf6 68. gxf6 Rg1+ 69. Kh5 1-0

[Event "Bundesliga 9697"]
[Site "Deutschland"]
[Date "1997.??.??"]
[Round "?.8"]
[White "Linke, Stefan"]
[Black "Staiger, Frank"]
[Result "1/2-1/2"]
[WhiteElo "2218"]
[BlackElo "2290"]
[PlyCount "84"]
[EventDate "1996.10.??"]
[EventType "team"]
[EventRounds "15"]
[EventCountry "GER"]
[SourceTitle "Bundesliga 9697"]
[Source "DeepChess"]
[SourceDate "2005.01.01"]
[SourceVersion "1"]
[SourceVersionDate "2005.01.01"]
[SourceQuality "1"]
[WhiteTeam "SAbt SV Werder Bremen"]
[BlackTeam "SC Eppingen e.V."]
[WhiteTeamCountry "GER"]
[BlackTeamCountry "GER"]

1. e4 e5 2. Nf3 Nc6 3. Bb5 a6 4. Bxc6 dxc6 5. O-O Qd6 6. d3 c5 7. Nbd2 f6 8.
Nb3 b6 9. Nh4 Be6 10. f4 c4 11. fxe5 Qxe5 12. Nf3 Qh5 13. Nbd4 Bc5 14. Be3 Bf7
15. Qe2 cxd3 16. Qxd3 Bxd4 17. Bxd4 Qb5 18. Qe3 Qc6 19. Qa3 a5 20. e5 O-O-O 21.
exf6 gxf6 22. Rad1 h5 23. Rd3 Qd6 24. Qc3 Qb4 25. Bxf6 Nxf6 26. Qxf6 Bc4 27.
Rxd8+ Rxd8 28. Re1 Bd5 29. Rd1 Qc5+ 30. Nd4 Rf8 31. Qe5 Rg8 32. g3 h4 33. Rd3
Bc4 34. Re3 Qxe5 35. Rxe5 hxg3 36. hxg3 Rxg3+ 37. Kf2 Rh3 38. Kg2 Rh7 39. b3
Ba6 40. Nf3 Rg7+ 41. Kf2 Kb8 42. a4 Rh7 1/2-1/2

[Event "Bundesliga 9697"]
[Site "Deutschland"]
[Date "1996.??.??"]
[Round "?.1"]
[White "Hracek, Zbynek"]
[Black "Jussupow, Artur"]
[Result "1/2-1/2"]
[WhiteElo "2625"]
[BlackElo "2665"]
[PlyCount "55"]
[EventDate "1996.10.??"]
[EventType "team"]
[EventRounds "15"]
[EventCountry "GER"]
[SourceTitle "Bundesliga 9697"]
[Source "DeepChess"]
[SourceDate "2005.01.01"]
[SourceVersion "1"]
[SourceVersionDate "2005.01.01"]
[SourceQuality "1"]
[WhiteTeam "SAbt SV Werder Bremen"]
[BlackTeam "SG 1868 Aljech. Solingen"]
[WhiteTeamCountry "GER"]
[BlackTeamCountry "GER"]

1. e4 e5 2. Nf3 Nf6 3. Nxe5 d6 4. Nf3 Nxe4 5. d4 d5 6. Bd3 Nc6 7. O-O Be7 8. c4
Nf6 9. Nc3 Be6 10. cxd5 Nxd5 11. Re1 O-O 12. h3 Bf6 13. Be4 h6 14. a3 Qd7 15.
Bc2 Bf5 16. Ne4 Rfe8 17. Qd3 Re6 18. Bb3 Be7 19. Ne5 Nxe5 20. dxe5 Rd8 21. g4
Rg6 22. Qf3 Be6 23. Ng3 Nb6 24. Bc2 Bd5 25. Qe2 Bc4 26. Qf3 Bd5 27. Qe2 Bc4 28.
Qf3 1/2-1/2

[Event "Bundesliga 9697"]
[Site "Deutschland"]
[Date "1996.??.??"]
[Round "?.2"]
[White "Gabriel, Christian"]
[Black "Kindermann, Stefan"]
[Result "0-1"]
[WhiteElo "2565"]
[BlackElo "2530"]
[PlyCount "56"]
[EventDate "1996.10.??"]
[EventType "team"]
[EventRounds "15"]
[EventCountry "GER"]
[SourceTitle "Bundesliga 9697"]
[Source "DeepChess"]
[SourceDate "2005.01.01"]
[SourceVersion "1"]
[SourceVersionDate "2005.01.01"]
[SourceQuality "1"]
[WhiteTeam "SG 1868 Aljech. Solingen"]
[BlackTeam "SAbt SV Werder Bremen"]
[WhiteTeamCountry "GER"]
[BlackTeamCountry "GER"]

1. d4 e6 2. Nf3 f5 3. g3 Nf6 4. Bg2 d5 5. O-O Bd6 6. c4 c6 7. b3 Qe7 8. Bb2 b6
9. Qc1 Bb7 10. Ba3 Nbd7 11. Bxd6 Qxd6 12. Nc3 O-O 13. Qb2 Ba6 14. cxd5 cxd5 15.
Rfc1 Rac8 16. Rc2 Rc7 17. Rac1 Rfc8 18. b4 Ne4 19. Nxe4 dxe4 20. Rxc7 Rxc7 21.
Rxc7 Qxc7 22. Ne1 Nf6 23. b5 Bb7 24. Nc2 Nd5 25. Nb4 Qc3 26. Qxc3 Nxc3 27. e3
Nxb5 28. Bf1 Nc3 0-1

[Event "Bundesliga 9697"]
[Site "Deutschland"]
[Date "1996.??.??"]
[Round "?.3"]
[White "Knaak, Rainer"]
[Black "Chandler, Murray G"]
[Result "1/2-1/2"]
[WhiteElo "2530"]
[BlackElo "2550"]
[PlyCount "56"]
[EventDate "1996.10.??"]
[EventType "team"]
[EventRounds "15"]
[EventCountry "GER"]
[SourceTitle "Bundesliga 9697"]
[Source "DeepChess"]
[SourceDate "2005.01.01"]
[SourceVersion "1"]
[SourceVersionDate "2005.01.01"]
[SourceQuality "1"]
[WhiteTeam "SAbt SV Werder Bremen"]
[BlackTeam "SG 1868 Aljech. Solingen"]
[WhiteTeamCountry "GER"]
[BlackTeamCountry "GER"]

1. d4 d5 2. c4 e6 3. Nc3 c5 4. cxd5 exd5 5. Nf3 Nc6 6. g3 Nf6 7. Bg2 Be7 8. O-O
O-O 9. Bg5 cxd4 10. Nxd4 h6 11. Be3 Re8 12. Rc1 Be6 13. Nxc6 bxc6 14. Na4 Qd7
15. Re1 Bh3 16. Bh1 Ng4 17. Bd4 Bb4 18. Bc3 Qf5 19. f3 Ne3 20. Qd4 Bxc3 21.
Qxc3 h5 22. Nc5 h4 23. Ne4 Rxe4 24. fxe4 Qg5 25. Kf2 Ng4+ 26. Kg1 Ne3 27. Kf2
Ng4+ 28. Kg1 Ne3 1/2-1/2

[Event "Bundesliga 9697"]
[Site "Deutschland"]
[Date "1996.??.??"]
[Round "?.4"]
[White "Bischoff, Klaus"]
[Black "Blatny, Pavel"]
[Result "1-0"]
[WhiteElo "2530"]
[BlackElo "2490"]
[PlyCount "103"]
[EventDate "1996.10.??"]
[EventType "team"]
[EventRounds "15"]
[EventCountry "GER"]
[SourceTitle "Bundesliga 9697"]
[Source "DeepChess"]
[SourceDate "2005.01.01"]
[SourceVersion "1"]
[SourceVersionDate "2005.01.01"]
[SourceQuality "1"]
[WhiteTeam "SG 1868 Aljech. Solingen"]
[BlackTeam "SAbt SV Werder Bremen"]
[WhiteTeamCountry "GER"]
[BlackTeamCountry "GER"]

1. e4 e6 2. d3 d5 3. Nd2 dxe4 4. dxe4 Nd7 5. Ngf3 g6 6. Be2 Bg7 7. O-O b6 8. c3
Bb7 9. Re1 Ne7 10. Qc2 h6 11. a4 a6 12. Bf1 g5 13. Nc4 Ng6 14. b3 g4 15. Nd4
Nde5 16. Nf5 exf5 17. exf5 O-O 18. fxg6 Nxg6 19. Ne3 Re8 20. Bb2 Be4 21. Qc1
Qg5 22. c4 Nf4 23. Bxg7 Qxg7 24. Nf5 Nh3+ 25. gxh3 Bxf5 26. h4 Rxe1 27. Qxe1
Qf6 28. Rd1 Rd8 29. Rxd8+ Qxd8 30. a5 Qd4 31. Qe7 Qc5 32. Qxc5 bxc5 33. Kg2 Bc2
34. Kg3 h5 35. Kf4 Kg7 36. Ke5 Bxb3 37. Bd3 Kf8 38. Kd5 Ke7 39. Bf5 Ba4 40. Bc8
c6+ 41. Kxc5 Kd8 42. Bf5 Kc7 43. h3 gxh3 44. Bxh3 Bd1 45. Bg2 Be2 46. Bxc6 f6
47. Bd5 Bd3 48. Kd4 Bg6 49. c5 Be8 50. Bf3 Bg6 51. Be2 Kb7 52. Kd5 1-0

[Event "Bundesliga 9697"]
[Site "Deutschland"]
[Date "1996.??.??"]
[Round "?.5"]
[White "Meins, Gerlef"]
[Black "Lau, Ralf"]
[Result "1/2-1/2"]
[WhiteElo "2465"]
[BlackElo "2510"]
[PlyCount "45"]
[EventDate "1996.10.??"]
[EventType "team"]
[EventRounds "15"]
[EventCountry "GER"]
[SourceTitle "Bundesliga 9697"]
[Source "DeepChess"]
[SourceDate "2005.01.01"]
[SourceVersion "1"]
[SourceVersionDate "2005.01.01"]
[SourceQuality "1"]
[WhiteTeam "SAbt SV Werder Bremen"]
[BlackTeam "SG 1868 Aljech. Solingen"]
[WhiteTeamCountry "GER"]
[BlackTeamCountry "GER"]

1. d4 d6 2. Nf3 g6 3. g3 Bg7 4. Bg2 Nd7 5. O-O e5 6. dxe5 dxe5 7. e4 Ngf6 8.
Nbd2 O-O 9. Re1 Re8 10. Nc4 Qe7 11. b3 h6 12. Bb2 Nh7 13. h4 h5 14. Qd2 Nhf8
15. Rad1 f6 16. Bh3 Ne6 17. Kg2 Qf7 18. Nh2 Ndf8 19. Qe2 b6 20. Nf1 Bb7 21. f3
Nd7 22. Kh2 Ndc5 23. Nfe3 1/2-1/2